Práctica de la misa / (Record no. 84205)

MARC details
000 -LEADER
campo de control de longitud fija 00515nam a2200169 i 4500
001 - NÚMERO DE CONTROL
campo de control 84205
003 - IDENTIFICADOR DE NÚMERO DE CONTROL
campo de control ES-MaACL
005 - FECHA Y HORA DE LA ÚLTIMA TRANSACCIÓN
campo de control 20230906174952.0
007 - CAMPO FIJO DE DESCRIPCIÓN FÍSICA--INFORMACIÓN GENERAL
campo de control de longitud fija t|
008 - DATOS DE LONGITUD FIJA--INFORMACIÓN GENERAL
campo de control de longitud fija 041122s1968 sp ||||1| spa d
100 1# - ENTRADA PRINCIPAL--NOMBRE DE PERSONA
Nombre de persona Jean-Nesmy, Claude.
9 (RLIN) 66237
245 10 - MENCIÓN DEL TÍTULO
Título Práctica de la misa /
Mención de responsabilidad, etc. Claude Jean-Nesmy ; [versión de Alejandro Esteban Lator Ros].
260 ## - PUBLICACIÓN, DISTRIBUCIÓN, ETC.
Lugar de publicación, distribución, etc. Barcelona :
Nombre del editor, distribuidor, etc. Herder,
Fecha de publicación, distribución, etc. 1968.
300 ## - DESCRIPCIÓN FÍSICA
Extensión 321 p. ;
Dimensiones 19 cm.
700 1# - ENTRADA AGREGADA--NOMBRE PERSONAL
Nombre de persona Lator Ros, Alejandro Esteban.
9 (RLIN) 70527
852 ## - LOCALIZACIÓN
Ubicación ES-MaACL
Número de control de estantería C-51550
Sublocalización o colección R.66872
Holdings
Estatus retirado Estado de pérdida Estado de daño No para préstamo Biblioteca de origen Biblioteca actual Ubicación en estantería Fecha de adquisición Fuente de adquisición Total de préstamos Signatura topográfica completa Código de barras Visto por última vez Precio de reemplazo Tipo de ítem Koha
        Biblioteca del Ateneo de Madrid Biblioteca del Ateneo de Madrid Depósito 2 17/01/2008     C-51550 1088004 23/02/2023 23/02/2023 Libro impreso